Příručka lidového peněžnictví

Saved in:
Bibliographic Details
Format: Book
Language:Czech
Published: Praha Ústřední rada družstev 1951
Tags: Add Tag
No Tags, Be the first to tag this record!

MARC

LEADER 00000nam a2200000 4500
001 0314598
005 20260128125745.4
041 0 |a cze 
044 |a CZ 
245 1 0 |a Příručka lidového peněžnictví 
264 1 |a Praha  |b Ústřední rada družstev  |c 1951